| 000 | 03927nam0a2200493 4500 | ||
|---|---|---|---|
| 001 | RU\NLR\BIBL_A\011524609 | ||
| 005 | 20260408114928.0 | ||
| 020 |
_aRU _b9689 _9Сводный каталог листовок первых лет Советской власти (25 октября (7 ноября) 1917 - 1925) Т.4 (Ч.2). Листовки советских, партийных, профсоюзных, комсомольских и других организаций губерний РСФСР |
||
| 035 | _a(NLR Aleph) 011524609 | ||
| 090 |
_a12113395 _c12113395 |
||
| 100 | _a20171114d1920 |||y0rusy50 ca | ||
| 101 | 0 | _arus | |
| 102 | _aRU | ||
| 105 | _ay z 000zy | ||
| 135 | _acrcn 024anaba | ||
| 200 | 1 |
_aОбъявление. "На основании телеграммы за № 2784/с и приказа № 27 от января с. г. Пензенского губвоенкомата объявляется для сведения Приказ Чусоснабарма от 18/IX [1920 г.] за № 204": [Об уплате за одежду, приносимую призывниками в Красную Армию _eлистовка _fРузаевкий уезд. комиссариат по военным делам] |
|
| 210 |
_a[Рузаевка] _cТип. Рузаев. усовнархоза _d[1920] |
||
| 215 |
_a1 с. _d32х18 |
||
| 300 | _aПодписи: рузаевский уездный военный комиссар Фролов; военный руководитель Янчуковский; начальник Отдела снабжения Агеев | ||
| 325 | _aКопия доступна в Электрон. б-ке РНБ | ||
| 517 | 1 | _a"На основании телеграммы за № 2784/с и приказа № 27 от января с. г. Пензенского губвоенкомата объявляется для сведения Приказ Чусоснабарма от 18/IX [1920 г.] за № 204" | |
| 517 | 1 | _aОб уплате за одежду, приносимую призывниками в Красную Армию | |
| 607 |
_aРСФСР _jЛистовки _xПолитика и управление _y1917 - 1925 _92312782 _3RU\NLR\auth\6601609564 |
||
| 686 | 0 | _aТ3(2)71-313,011 | |
| 686 | 0 | _aТ3(2Р-6Мо-2Р)712-31,011 | |
| 686 | 0 | _aЦ35(2)712.3,011 | |
| 702 | 1 |
_4720 _7ca _8rus _aФролов _cучастник установления советской власти _cвоен. комиссар, начальник гарнизона, г. Рузаевка _9189371 _3RU\NLR\AUTH\770189422 |
|
| 702 | 1 |
_4720 _7ca _8rus _aЯнчуковский _cучастник установления советской власти, г. Рузаевка _9190861 _3RU\NLR\AUTH\770190912 |
|
| 702 | 1 |
_4720 _7ca _8rus _aАгеев _cучастник установления советской власти, Рузаевский уезд _9190665 _3RU\NLR\AUTH\770190716 |
|
| 710 | 0 | 2 |
_aЧрезвычайный уполномоченный по снабжению Красной Армии и Флота _cРСФСР _9594801 _3RU\NLR\AUTH\880466340 |
| 711 | 0 | 2 |
_aПензенский губернский комиссариат по военным делам _3RU\NLR\AUTH\880375884 _9418038 |
| 711 | 0 | 2 |
_aРузаевский уездный комиссариат по военным делам _9583920 _3RU\NLR\AUTH\880460617 |
| 852 | 0 | 0 |
_aNLR _bФЛ _j45/58 |
| 856 | 0 | _uhttps://vivaldi.nlr.ru/ll700000983/view | |
| 856 | 1 | _uhttps://vivaldi.nlr.ru/ll700000983/cover | |
| 856 | 2 | _uhttps://vivaldi.nlr.ru/ll700000983/text | |
| 942 | _cBOOK | ||
| 980 | _aNB | ||
| 981 | 2 | 1 |
_a(21) Листовки _b(21) Листовки 1920 года |